[Event "CECLUB Segunda División"]
[Site "Linares"]
[Date "2017.08.11"]
[Round "5"]
[White "Dvirnyy, Danyyil"]
[Black "Lopez Martinez, Josep Manuel"]
[Result "0-1"]
[Board "1"]
[WhiteTitle "GM"]
[WhiteElo "2558"]
[WhiteCountry "ITA"]
[WhiteFideId "817570"]
[WhiteEloChange "-5"]
[BlackTitle "GM"]
[BlackElo "2589"]
[BlackCountry "ESP"]
[BlackFideId "2212943"]
[BlackEloChange "5"]

1. d4 {[%clk 1:30:56]} Nf6 {[%clk 1:29:22]} 2. c4 {[%clk 1:31:20]} g6 {[%clk
1:29:17]} 3. g3 {[%clk 1:31:40]} Bg7 {[%clk 1:28:12]} 4. Bg2 {[%clk 1:32:03]} d5
{[%clk 1:28:23]} 5. cxd5 {[%clk 1:31:59]} Nxd5 {[%clk 1:28:47]} 6. e4 {[%clk
1:32:00]} Nb6 {[%clk 1:29:04]} 7. Ne2 {[%clk 1:32:25]} O-O {[%clk 1:28:10]} 8.
O-O {[%clk 1:32:49]} c6 {[%clk 1:24:15]} 9. Nbc3 {[%clk 1:28:57]} Na6 {[%clk
1:23:50]} 10. b3 {[%clk 1:23:20]} Nc7 {[%clk 1:18:46]} 11. Ba3 {[%clk 1:13:00]}
a6 {[%clk 1:14:14]} 12. Qc2 {[%clk 1:10:25]} Nb5 {[%clk 1:13:58]} 13. Nxb5 {[%clk
1:08:18]} axb5 {[%clk 1:14:21]} 14. Bb2 {[%clk 1:05:16]} Bg4 {[%clk 1:10:07]} 15.
Rfd1 {[%clk 1:04:28]} Bxe2 {[%clk 1:08:26]} 16. Qxe2 {[%clk 1:04:53]} Qc7 {[%clk
1:07:30]} 17. h4 {[%clk 0:49:47]} Rfd8 {[%clk 1:06:27]} 18. h5 {[%clk 0:49:52]}
Rd7 {[%clk 1:06:08]} 19. e5 {[%clk 0:47:29]} e6 {[%clk 1:06:00]} 20. hxg6 {[%clk
0:47:27]} hxg6 {[%clk 1:05:07]} 21. a3 {[%clk 0:43:30]} Nd5 {[%clk 1:04:45]} 22.
Be4 {[%clk 0:43:37]} Rad8 {[%clk 1:02:02]} 23. Kg2 {[%clk 0:32:45]} Ne7 {[%clk
0:55:53]} 24. Rh1 {[%clk 0:32:25]} Qb6 {[%clk 0:45:03]} 25. b4 {[%clk 0:31:38]}
Qa7 {[%clk 0:39:05]} 26. Rac1 {[%clk 0:26:50]} Qa4 {[%clk 0:30:21]} 27. Bc2
{[%clk 0:23:38]} Qa8 {[%clk 0:30:28]} 28. Be4 {[%clk 0:22:49]} Rxd4 {[%clk
0:27:51]} 29. Bxd4 {[%clk 0:22:48]} Rxd4 {[%clk 0:28:12]} 30. Qe3 {[%clk
0:22:07]} Bxe5 {[%clk 0:26:52]} 31. Rh3 {[%clk 0:17:54]} Bg7 {[%clk 0:26:46]} 32.
Rch1 {[%clk 0:18:16]} Qd8 {[%clk 0:22:30]} 33. Rh7 {[%clk 0:18:25]} Nf5 {[%clk
0:19:14]} 34. Qf3 {[%clk 0:15:31]} Qg5 {[%clk 0:17:35]} 35. Bxf5 {[%clk 0:13:58]}
Qxf5 {[%clk 0:17:38]} 36. Qxf5 {[%clk 0:13:43]} gxf5 {[%clk 0:17:50]} 37. R7h3
{[%clk 0:13:27]} Rd2 {[%clk 0:18:04]} 38. Rh4 {[%clk 0:09:11]} Bd4 {[%clk
0:16:34]} 39. Rf4 {[%clk 0:09:32]} Kg7 {[%clk 0:16:32]} 40. Rhh4 {[%clk 0:08:43]}
Bf6 {[%clk 0:15:39]} 41. Rh1 {[%clk 0:06:53]} Kg6 {[%clk 0:15:14]} 42. Rf3 {[%clk
0:07:18]} Bd4 {[%clk 0:15:10]} 43. Re1 {[%clk 0:02:21]} e5 {[%clk 0:14:13]} 44.
Kf1 {[%clk 0:02:48]} e4 {[%clk 0:10:56]} 45. Rf4 {[%clk 0:03:15]} Kg5 {[%clk
0:10:46]} 46. Re2 {[%clk 0:03:44]} Rd3 {[%clk 0:10:49]} 47. Ra2 {[%clk 0:04:01]}
Be5 {[%clk 0:10:12]} 48. Rh4 {[%clk 0:04:10]} f4 {[%clk 0:09:08]} 49. a4 {[%clk
0:01:44]} bxa4 {[%clk 0:09:17]} 50. Rxa4 {[%clk 0:02:09]} f5 {[%clk 0:09:31]} 51.
Ra5 {[%clk 0:00:50]} fxg3 {[%clk 0:04:37]} 52. Rxe4 {[%clk 0:00:38]} fxe4 {[%clk
0:04:14]} 53. Rxe5+ {[%clk 0:01:05]} Kf4 {[%clk 0:04:32]} 54. Re7 {[%clk
0:01:32]} Rf3 {[%clk 0:04:34]} 55. Rf7+ {[%clk 0:01:35]} Ke5 {[%clk 0:04:35]} 56.
Re7+ {[%clk 0:00:37]} Kd5 {[%clk 0:04:39]} 57. Rxb7 {[%clk 0:00:36]} Ke5 {[%clk
0:04:49]} 0-1

[Event "CECLUB Segunda División"]
[Site "Linares"]
[Date "2017.08.11"]
[Round "5"]
[White "Alsina Leal, Daniel"]
[Black "Vega Gutierrez, Sabrina"]
[Result "1/2-1/2"]
[Board "2"]
[WhiteTitle "GM"]
[WhiteElo "2507"]
[WhiteCountry "ESP"]
[WhiteFideId "2252627"]
[WhiteEloChange "-2"]
[BlackTitle "IM"]
[BlackElo "2369"]
[BlackCountry "ESP"]
[BlackFideId "2219026"]
[BlackEloChange "4"]

1. e4 {[%clk 1:30:30]} c5 {[%clk 1:30:49]} 2. c3 {[%clk 1:30:49]} d5 {[%clk
1:30:09]} 3. exd5 {[%clk 1:31:09]} Qxd5 {[%clk 1:30:09]} 4. d4 {[%clk 1:31:29]}
e6 {[%clk 1:23:57]} 5. Nf3 {[%clk 1:31:39]} Nf6 {[%clk 1:23:57]} 6. Na3 {[%clk
1:31:29]} Be7 {[%clk 1:10:46]} 7. Nb5 {[%clk 1:13:30]} Na6 {[%clk 1:10:26]} 8.
Be2 {[%clk 1:11:19]} cxd4 {[%clk 0:53:18]} 9. Qxd4 {[%clk 0:59:03]} Qxd4 {[%clk
0:53:28]} 10. Nfxd4 {[%clk 0:57:52]} O-O {[%clk 0:28:33]} 11. Bf4 {[%clk
0:57:52]} Nd5 {[%clk 0:28:33]} 12. Bg3 {[%clk 0:57:52]} Nc5 {[%clk 0:27:13]} 13.
c4 {[%clk 0:45:39]} Nb4 {[%clk 0:12:14]} 14. O-O-O {[%clk 0:32:44]} Nxa2+ {[%clk
0:10:14]} 15. Kb1 {[%clk 0:31:24]} Nb4 {[%clk 0:10:14]} 16. Nc7 {[%clk 0:27:21]}
Rb8 {[%clk 0:09:44]} 17. Nd5 {[%clk 0:24:18]} exd5 {[%clk 0:10:04]} 18. Bxb8
{[%clk 0:24:38]} Bf6 {[%clk 0:10:03]} 19. g4 {[%clk 0:22:35]} Re8 {[%clk
0:06:51]} 20. Bd6 {[%clk 0:17:41]} b6 {[%clk 0:00:39]} 21. Bf3 {[%clk 0:08:49]}
dxc4 22. Rhe1 {[%clk 0:07:29]} Rxe1 23. Rxe1 {[%clk 0:07:29]} Bd7 24. Nf5 {[%clk
0:04:59]} g6 25. Ne7+ {[%clk 0:02:27]} Kg7 26. Bxc5 {[%clk 0:01:57]} bxc5 27. Nd5
{[%clk 0:01:57]} Nxd5 28. Bxd5 {[%clk 0:01:57]} c3 29. bxc3 {[%clk 0:01:07]} Bxc3
30. Re7 {[%clk 0:01:27]} Bxg4 31. Rxf7+ {[%clk 0:01:37]} Kh6 32. Rxa7 {[%clk
0:01:47]} Bf5+ 33. Kc1 {[%clk 0:01:17]} Be5 34. h4 {[%clk 0:00:56]} Bf6 35. Bg8
{[%clk 0:00:36]} Bxh4 36. Rxh7+ {[%clk 0:00:36]} Kg5 37. f3 {[%clk 0:00:56]} Bf2
38. Kd2 {[%clk 0:01:16]} Kf4 39. Ke2 {[%clk 0:01:05]} Bd4 40. Re7 {[%clk
0:00:54]} Bf6 41. Rc7 {[%clk 0:00:14]} Bd4 42. Bc4 {[%clk 0:00:13]} Kg3 43. Rf7
{[%clk 0:00:23]} Kf4 44. Bd3 {[%clk 0:00:33]} Ke5 45. Bxf5 {[%clk 0:00:33]} gxf5
46. Rd7 {[%clk 0:00:33]} Bg1 47. Rh7 {[%clk 0:00:33]} Kf4 48. Rh4+ {[%clk
0:00:43]} Kg3 49. Ra4 {[%clk 0:00:53]} Bd4 50. Ra8 {[%clk 0:01:13]} Kf4 51. Rg8
{[%clk 0:01:23]} Be5 52. Rg6 {[%clk 0:01:12]} Bd4 53. Rd6 {[%clk 0:01:01]} Ke5
54. Rd7 {[%clk 0:00:51]} Bg1 55. Rh7 {[%clk 0:00:41]} Kf4 56. Rh4+ {[%clk
0:00:40]} Kg3 57. Rh1 {[%clk 0:00:40]} Bd4 58. Rd1 {[%clk 0:00:39]} Kf4 59. Rd3
{[%clk 0:00:39]} Ke5 60. Ra3 {[%clk 0:00:59]} Kf4 61. Ra7 {[%clk 0:01:08]} Bg1
62. Rd7 {[%clk 0:00:58]} Ke5 63. Rh7 Kf4 64. Rf7 {[%clk 0:00:06]} Bd4 65. Kd3
{[%clk 0:00:06]} Bg1 66. Kc4 {[%clk 0:00:05]} Ke5 67. Rh7 {[%clk 0:00:05]} Kf4
68. Rh5 {[%clk 0:00:15]} Ke5 69. Kc3 Bd4+ 70. Kd3 Kf4 71. Ke2 {[%clk 0:00:15]}
Bg1 72. Rh4+ {[%clk 0:00:25]} Kg3 73. Ra4 {[%clk 0:00:25]} 1/2-1/2

[Event "CECLUB Segunda División"]
[Site "Linares"]
[Date "2017.08.11"]
[Round "5"]
[White "Bressac, Stephane"]
[Black "Vila Gazquez, Xavier"]
[Result "1/2-1/2"]
[Board "3"]
[WhiteTitle "FM"]
[WhiteElo "2365"]
[WhiteCountry "FRA"]
[WhiteFideId "655945"]
[WhiteEloChange "3"]
[BlackTitle "GM"]
[BlackElo "2483"]
[BlackCountry "ESP"]
[BlackFideId "2261090"]
[BlackEloChange "-2"]

1. e4 {[%clk 1:30:52]} d5 {[%clk 1:30:19]} 2. exd5 {[%clk 1:30:55]} Qxd5 {[%clk
1:30:46]} 3. Nc3 {[%clk 1:31:11]} Qd8 {[%clk 1:30:26]} 4. d4 {[%clk 1:29:08]} Nf6
{[%clk 1:30:38]} 5. Nf3 {[%clk 1:27:55]} Bg4 {[%clk 1:29:07]} 6. h3 {[%clk
1:27:33]} Bxf3 {[%clk 1:29:30]} 7. Qxf3 {[%clk 1:27:57]} c6 {[%clk 1:29:06]} 8.
Be3 {[%clk 1:27:19]} e6 {[%clk 1:26:58]} 9. O-O-O {[%clk 1:24:48]} Bb4 {[%clk
1:22:01]} 10. Ne4 {[%clk 1:19:34]} Nxe4 {[%clk 1:18:56]} 11. Qxe4 {[%clk
1:19:58]} Qd5 {[%clk 1:19:11]} 12. Qxd5 {[%clk 1:19:52]} cxd5 {[%clk 1:14:52]}
13. c4 {[%clk 1:10:57]} dxc4 {[%clk 1:11:13]} 14. Bxc4 {[%clk 1:11:01]} Nd7
{[%clk 1:05:52]} 15. Bb5 {[%clk 1:06:45]} a6 {[%clk 0:57:00]} 16. Ba4 {[%clk
0:59:47]} b5 {[%clk 0:14:34]} 17. Bb3 {[%clk 0:59:45]} Nf6 {[%clk 0:13:47]} 18.
d5 {[%clk 0:58:50]} Nxd5 {[%clk 0:10:55]} 19. Bxd5 {[%clk 0:59:14]} exd5 {[%clk
0:10:47]} 20. Rxd5 {[%clk 0:59:38]} Rd8 {[%clk 0:05:55]} 21. Rhd1 {[%clk
0:54:46]} Rxd5 {[%clk 0:05:51]} 22. Rxd5 {[%clk 0:55:12]} Ke7 {[%clk 0:06:02]}
23. Bc5+ {[%clk 0:52:16]} Bxc5 {[%clk 0:05:25]} 24. Rxc5 {[%clk 0:52:41]} Kd6
{[%clk 0:05:50]} 25. b4 {[%clk 0:52:55]} Re8 {[%clk 0:02:23]} 26. Kd2 {[%clk
0:53:20]} Re4 {[%clk 0:02:11]} 27. a3 {[%clk 0:53:30]} Rd4+ {[%clk 0:01:49]} 28.
Ke2 {[%clk 0:52:28]} Re4+ {[%clk 0:01:43]} 29. Kd2 {[%clk 0:50:19]} Rd4+ {[%clk
0:01:54]} 30. Ke2 {[%clk 0:49:58]} Kd7 {[%clk 0:01:45]} 31. Rc3 {[%clk 0:49:13]}
Rd5 {[%clk 0:02:07]} 32. Rd3 {[%clk 0:47:53]} Kd6 {[%clk 0:01:57]} 33. Rc3 {[%clk
0:47:58]} Re5+ {[%clk 0:01:05]} 34. Kd2 {[%clk 0:48:15]} Rg5 {[%clk 0:01:27]} 35.
g3 {[%clk 0:48:10]} Rd5+ {[%clk 0:01:28]} 36. Ke2 {[%clk 0:48:32]} Re5+ {[%clk
0:01:38]} 37. Kd2 {[%clk 0:48:56]} Rd5+ {[%clk 0:00:38]} 38. Ke2 {[%clk 0:49:20]}
Kd7 {[%clk 0:00:35]} 39. Rd3 {[%clk 0:49:23]} Ke6 {[%clk 0:00:37]} 40. Rc3 {[%clk
0:49:46]} Kd7 {[%clk 0:00:32]} 41. Rd3 {[%clk 0:49:04]} 1/2-1/2

[Event "CECLUB Segunda División"]
[Site "Linares"]
[Date "2017.08.11"]
[Round "5"]
[White "Alonso Moyano, Jonathan"]
[Black "Gutierrez Olivares, Daniel"]
[Result "0-1"]
[Board "4"]
[WhiteTitle "IM"]
[WhiteElo "2404"]
[WhiteCountry "ESP"]
[WhiteFideId "2216019"]
[WhiteEloChange "-6"]
[BlackTitle "FM"]
[BlackElo "2349"]
[BlackCountry "ESP"]
[BlackFideId "2264005"]
[BlackEloChange "12"]

1. e4 {[%clk 1:30:57]} e6 {[%clk 1:30:51]} 2. d4 {[%clk 1:31:17]} d5 {[%clk
1:31:05]} 3. e5 {[%clk 1:31:40]} c5 {[%clk 1:30:57]} 4. c3 {[%clk 1:32:04]} Nc6
{[%clk 1:30:43]} 5. Nf3 {[%clk 1:32:26]} Bd7 {[%clk 1:29:46]} 6. Be2 {[%clk
1:32:44]} Nge7 {[%clk 1:26:08]} 7. O-O {[%clk 1:32:11]} Nf5 {[%clk 1:23:39]} 8.
dxc5 {[%clk 1:29:29]} Bxc5 {[%clk 1:23:04]} 9. Nbd2 {[%clk 1:26:47]} b5 {[%clk
1:14:29]} 10. Nb3 {[%clk 1:23:28]} Bb6 {[%clk 1:12:49]} 11. Nbd4 {[%clk 1:14:24]}
Ncxd4 {[%clk 0:57:19]} 12. Nxd4 {[%clk 1:03:53]} Nxd4 {[%clk 0:51:18]} 13. cxd4
{[%clk 1:03:38]} Qh4 {[%clk 0:50:58]} 14. Be3 {[%clk 1:04:01]} O-O {[%clk
0:51:00]} 15. f4 {[%clk 1:02:26]} Rac8 {[%clk 0:46:37]} 16. Rf3 {[%clk 0:49:57]}
f5 {[%clk 0:43:17]} 17. Rh3 {[%clk 0:49:06]} Qe7 {[%clk 0:43:09]} 18. Qd2 {[%clk
0:45:32]} Be8 {[%clk 0:35:37]} 19. Bd3 {[%clk 0:40:05]} a5 {[%clk 0:34:46]} 20.
g4 {[%clk 0:31:07]} Bg6 {[%clk 0:32:59]} 21. Rg3 {[%clk 0:25:34]} Qa7 {[%clk
0:33:05]} 22. Qf2 {[%clk 0:25:10]} b4 {[%clk 0:28:42]} 23. Kh1 {[%clk 0:22:55]}
Qf7 {[%clk 0:26:39]} 24. g5 {[%clk 0:20:08]} Qa7 {[%clk 0:25:16]} 25. Rgg1 {[%clk
0:14:32]} Rc7 {[%clk 0:25:09]} 26. Rac1 {[%clk 0:13:44]} Rfc8 {[%clk 0:25:13]}
27. Rxc7 {[%clk 0:14:06]} Rxc7 {[%clk 0:25:22]} 28. Rd1 {[%clk 0:11:50]} Bh5
{[%clk 0:24:49]} 29. Rd2 {[%clk 0:11:52]} a4 {[%clk 0:22:27]} 30. Rc2 {[%clk
0:06:47]} a3 {[%clk 0:16:43]} 31. Kg2 {[%clk 0:03:39]} b3 {[%clk 0:08:20]} 32.
Rxc7 {[%clk 0:03:59]} Qxc7 {[%clk 0:08:42]} 33. bxa3 {[%clk 0:03:54]} Qc3 {[%clk
0:08:51]} 34. Qd2 {[%clk 0:02:40]} Qxd2+ {[%clk 0:06:20]} 35. Bxd2 {[%clk
0:03:09]} bxa2 {[%clk 0:06:37]} 36. Bc3 {[%clk 0:03:35]} Ba5 {[%clk 0:06:35]} 37.
Ba1 {[%clk 0:03:59]} Bd1 {[%clk 0:04:56]} 38. Bb5 {[%clk 0:01:43]} Bd2 {[%clk
0:04:55]} 39. Kg3 {[%clk 0:01:36]} Kf7 {[%clk 0:04:27]} 40. Bd7 {[%clk 0:00:57]}
Ke7 {[%clk 0:04:32]} 41. Bb5 {[%clk 0:00:48]} Kd8 {[%clk 0:04:31]} 42. h4 {[%clk
0:00:57]} Bh5 {[%clk 0:04:40]} 43. Ba4 {[%clk 0:00:58]} Be2 {[%clk 0:04:26]} 44.
Bc6 {[%clk 0:00:46]} Be1+ {[%clk 0:04:21]} 45. Kh3 {[%clk 0:00:36]} Bf1+ {[%clk
0:04:28]} 46. Kh2 {[%clk 0:01:02]} Bxh4 {[%clk 0:04:41]} 47. Ba4 {[%clk 0:00:36]}
Bc4 {[%clk 0:04:27]} 48. Kg2 {[%clk 0:00:45]} Be1 {[%clk 0:04:46]} 49. Bc2 {[%clk
0:00:31]} Bd2 {[%clk 0:04:19]} 50. Kf3 {[%clk 0:00:48]} Bc1 {[%clk 0:04:35]} 51.
a4 {[%clk 0:00:31]} Bd2 {[%clk 0:05:03]} 52. a5 {[%clk 0:00:43]} Bxa5 {[%clk
0:05:16]} 53. Ke3 {[%clk 0:01:06]} Be1 {[%clk 0:05:20]} 54. Bd1 {[%clk 0:01:23]}
Kc7 {[%clk 0:05:25]} 55. Ba4 {[%clk 0:01:33]} h5 {[%clk 0:04:53]} 56. gxh6 {[%clk
0:01:44]} gxh6 {[%clk 0:05:21]} 57. Be8 {[%clk 0:02:01]} Ba6 {[%clk 0:04:18]} 58.
Bf7 {[%clk 0:01:11]} Bc8 {[%clk 0:02:51]} 59. Kd3 {[%clk 0:01:18]} Bg3 {[%clk
0:02:55]} 60. Kc2 {[%clk 0:01:31]} Bxf4 {[%clk 0:02:47]} 61. Kb3 {[%clk 0:01:49]}
Kd7 {[%clk 0:02:46]} 62. Kxa2 {[%clk 0:02:12]} Ba6 {[%clk 0:02:16]} 63. Kb3
{[%clk 0:01:48]} Be2 {[%clk 0:02:30]} 64. Kc2 {[%clk 0:01:43]} h5 {[%clk
0:02:18]} 0-1

[Event "CECLUB Segunda División"]
[Site "Linares"]
[Date "2017.08.11"]
[Round "5"]
[White "Vallejo Pons, Francisco"]
[Black "Castella Garcia, Fausto"]
[Result "1-0"]
[Board "1"]
[WhiteTitle "GM"]
[WhiteElo "2717"]
[WhiteCountry "ESP"]
[WhiteFideId "2205530"]
[WhiteEloChange "1"]
[BlackTitle "FM"]
[BlackElo "2308"]
[BlackCountry "ESP"]
[BlackFideId "3501922"]
[BlackEloChange "-2"]

1. d4 {[%clk 1:30:30]} Nf6 {[%clk 1:30:39]} 2. c4 {[%clk 1:30:39]} e5 {[%clk
1:30:39]} 3. dxe5 {[%clk 1:29:59]} Ng4 {[%clk 1:30:39]} 4. Bf4 {[%clk 1:28:48]}
g5 {[%clk 1:30:29]} 5. Bg3 {[%clk 1:28:07]} Bg7 {[%clk 1:30:29]} 6. Nf3 {[%clk
1:27:37]} Nc6 {[%clk 1:30:49]} 7. h4 {[%clk 1:27:27]} Ngxe5 {[%clk 1:28:59]} 8.
Nxe5 {[%clk 1:26:07]} Nxe5 {[%clk 1:29:09]} 9. Nc3 {[%clk 1:25:37]} g4 {[%clk
1:23:27]} 10. h5 {[%clk 1:03:57]} h6 {[%clk 1:21:06]} 11. Bh4 {[%clk 1:00:16]} f6
{[%clk 1:21:06]} 12. f4 {[%clk 0:52:41]} Nc6 {[%clk 1:08:10]} 13. e4 {[%clk
0:49:30]} d6 {[%clk 1:08:20]} 14. Be2 {[%clk 0:47:49]} Qd7 {[%clk 0:36:06]} 15.
f5 {[%clk 0:40:35]} Ne5 {[%clk 0:31:23]} 16. b3 {[%clk 0:39:45]} c6 {[%clk
0:26:19]} 17. Bxg4 {[%clk 0:38:14]} Qe7 {[%clk 0:26:29]} 18. Be2 {[%clk 0:37:13]}
O-O {[%clk 0:25:18]} 19. Qd2 {[%clk 0:32:20]} Re8 {[%clk 0:17:47]} 20. Bg3 {[%clk
0:28:38]} Bd7 {[%clk 0:13:13]} 21. Rd1 {[%clk 0:28:18]} Bf8 {[%clk 0:13:13]} 22.
Bf4 {[%clk 0:26:25]} Kh7 {[%clk 0:13:33]} 23. Rh3 {[%clk 0:26:25]} Rad8 {[%clk
0:08:50]} 24. Kf1 {[%clk 0:23:12]} a6 {[%clk 0:08:39]} 25. a4 {[%clk 0:22:32]}
Bc8 {[%clk 0:06:49]} 26. Rg3 {[%clk 0:20:42]} Nf7 {[%clk 0:03:39]} 27. Rg6 {[%clk
0:19:30]} Ng5 {[%clk 0:03:19]} 28. Bf3 {[%clk 0:19:30]} Qf7 {[%clk 0:02:29]} 29.
Qd4 {[%clk 0:18:49]} Be7 {[%clk 0:02:09]} 30. a5 {[%clk 0:17:19]} d5 {[%clk
0:00:19]} 31. cxd5 {[%clk 0:16:59]} c5 {[%clk 0:00:19]} 32. Qc4 {[%clk 0:14:59]}
Qf8 {[%clk 0:00:29]} 33. d6 {[%clk 0:13:27]} Bxd6 {[%clk 0:00:49]} 34. Rxd6
{[%clk 0:12:57]} Rxd6 {[%clk 0:00:49]} 35. Bxd6 {[%clk 0:11:56]} Qxd6 {[%clk
0:01:09]} 36. Nd5 {[%clk 0:09:23]} Rf8 {[%clk 0:00:19]} 37. Nxf6+ {[%clk
0:08:03]} 1-0

[Event "CECLUB Segunda División"]
[Site "Linares"]
[Date "2017.08.11"]
[Round "5"]
[White "Serarols Mabras, Bernat"]
[Black "Arizmendi Martinez, Julen Luis"]
[Result "0-1"]
[Board "2"]
[WhiteTitle "FM"]
[WhiteElo "2218"]
[WhiteCountry "ESP"]
[WhiteFideId "2238276"]
[WhiteEloChange "-3"]
[BlackTitle "GM"]
[BlackElo "2513"]
[BlackCountry "ESP"]
[BlackFideId "2205092"]
[BlackEloChange "2"]

1. d4 {[%clk 1:30:57]} Nf6 {[%clk 1:22:40]} 2. c4 {[%clk 1:31:01]} e6 {[%clk
1:22:18]} 3. g3 {[%clk 1:30:15]} d5 {[%clk 1:22:07]} 4. Nf3 {[%clk 1:30:20]} Bb4+
{[%clk 1:20:31]} 5. Bd2 {[%clk 1:30:39]} Bd6 {[%clk 1:20:09]} 6. Nc3 {[%clk
1:26:24]} O-O {[%clk 0:55:34]} 7. Bg5 {[%clk 1:20:28]} Be7 {[%clk 0:40:48]} 8.
Bg2 {[%clk 1:14:58]} Nbd7 {[%clk 0:39:08]} 9. Ne5 {[%clk 1:04:00]} c6 {[%clk
0:37:46]} 10. Bf4 {[%clk 0:56:28]} Nxe5 {[%clk 0:36:04]} 11. dxe5 {[%clk
0:52:34]} Nd7 {[%clk 0:36:03]} 12. h4 {[%clk 0:50:05]} dxc4 {[%clk 0:20:49]} 13.
Qd4 {[%clk 0:40:42]} Qa5 {[%clk 0:17:22]} 14. O-O {[%clk 0:39:32]} Nb6 {[%clk
0:12:17]} 15. Ne4 {[%clk 0:32:48]} Rd8 {[%clk 0:12:35]} 16. Nd6 {[%clk 0:28:56]}
f6 {[%clk 0:09:37]} 17. exf6 {[%clk 0:22:58]} gxf6 {[%clk 0:08:49]} 18. Bh6
{[%clk 0:23:27]} Qh5 {[%clk 0:08:02]} 0-1

[Event "CECLUB Segunda División"]
[Site "Linares"]
[Date "2017.08.11"]
[Round "5"]
[White "Llobell Cortell, Enrique"]
[Black "Bas Mas, Miguel"]
[Result "1-0"]
[Board "3"]
[WhiteTitle "IM"]
[WhiteElo "2402"]
[WhiteCountry "ESP"]
[WhiteFideId "2216116"]
[WhiteEloChange "3"]
[BlackElo "2236"]
[BlackCountry "ESP"]
[BlackFideId "2237954"]
[BlackEloChange "-6"]

1. e4 {[%clk 1:26:42]} c5 {[%clk 1:30:37]} 2. Nf3 {[%clk 1:26:13]} d6 {[%clk
1:30:54]} 3. d4 {[%clk 1:26:24]} cxd4 {[%clk 1:31:19]} 4. Nxd4 {[%clk 1:26:49]}
Nc6 {[%clk 1:31:39]} 5. Nc3 {[%clk 1:26:25]} g6 {[%clk 1:32:05]} 6. Be3 {[%clk
1:25:40]} Bg7 {[%clk 1:32:32]} 7. Qd2 {[%clk 1:25:03]} Nf6 {[%clk 1:32:54]} 8. f3
{[%clk 1:25:06]} O-O {[%clk 1:33:11]} 9. O-O-O {[%clk 1:25:03]} Nxd4 {[%clk
1:33:02]} 10. Bxd4 {[%clk 1:25:17]} Be6 {[%clk 1:33:29]} 11. Kb1 {[%clk 1:25:12]}
Kh8 {[%clk 1:18:22]} 12. h4 {[%clk 1:18:10]} Qa5 {[%clk 1:16:22]} 13. g4 {[%clk
0:41:18]} Rfc8 {[%clk 1:08:20]} 14. a3 {[%clk 0:40:54]} Nd7 {[%clk 0:53:17]} 15.
Bxg7+ {[%clk 0:22:29]} Kxg7 {[%clk 0:53:45]} 16. h5 {[%clk 0:22:42]} g5 {[%clk
0:49:55]} 17. h6+ {[%clk 0:14:29]} Kh8 {[%clk 0:45:54]} 18. Bb5 {[%clk 0:14:37]}
f6 {[%clk 0:45:10]} 19. Bxd7 {[%clk 0:14:36]} Bxd7 {[%clk 0:45:15]} 20. Nd5
{[%clk 0:08:01]} Qd8 {[%clk 0:45:43]} 21. e5 {[%clk 0:08:27]} dxe5 {[%clk
0:36:04]} 22. Nxf6 {[%clk 0:08:56]} Ba4 {[%clk 0:36:15]} 23. Qxg5 {[%clk
0:05:40]} Bxc2+ {[%clk 0:35:17]} 24. Ka1 {[%clk 0:06:08]} Qf8 {[%clk 0:35:05]}
25. Nd7 {[%clk 0:06:24]} Qf7 {[%clk 0:35:11]} 26. Qxe5+ {[%clk 0:04:30]} Kg8
{[%clk 0:35:41]} 27. Rd4 {[%clk 0:04:21]} Bb3 {[%clk 0:33:52]} 28. Rf4 {[%clk
0:02:38]} Qg6 {[%clk 0:34:21]} 29. Rf5 {[%clk 0:02:29]} 1-0

[Event "CECLUB Segunda División"]
[Site "Linares"]]
[Date "2017.08.11"]
[Round "5"]
[White "Jimenez Mompo, Candido"]
[Black "Pallardo Lozoya, Jose Vicente"]
[Result "1/2-1/2"]
[Board "4"]
[WhiteElo "1993"]
[WhiteCountry "ESP"]
[WhiteFideId "22250140"]
[WhiteEloChange "8"]
[BlackTitle "FM"]
[BlackElo "2389"]
[BlackCountry "ESP"]
[BlackFideId "2230380"]
[BlackEloChange "-8"]

1. d4 {[%clk 1:30:38]} c5 {[%clk 1:26:43]} 2. d5 {[%clk 1:29:46]} e5 {[%clk
1:27:05]} 3. c4 {[%clk 1:28:30]} d6 {[%clk 1:27:29]} 4. Nc3 {[%clk 1:28:23]} Be7
{[%clk 1:27:14]} 5. e4 {[%clk 1:26:28]} Bg5 {[%clk 1:26:46]} 6. Be2 {[%clk
1:22:39]} Bxc1 {[%clk 1:18:41]} 7. Rxc1 {[%clk 1:23:00]} Nh6 {[%clk 1:15:42]} 8.
Nf3 {[%clk 1:15:52]} Nd7 {[%clk 1:05:41]} 9. Qd2 {[%clk 1:06:13]} Nf8 {[%clk
1:02:12]} 10. Qg5 {[%clk 1:04:12]} Qxg5 {[%clk 0:58:45]} 11. Nxg5 {[%clk
1:04:34]} f6 {[%clk 0:58:39]} 12. Nf3 {[%clk 1:03:46]} Ng6 {[%clk 0:56:24]} 13.
g3 {[%clk 0:57:39]} Bh3 {[%clk 0:52:45]} 14. Bf1 {[%clk 0:56:51]} Bd7 {[%clk
0:52:51]} 15. h4 {[%clk 0:46:51]} Ne7 {[%clk 0:40:21]} 16. Nb5 {[%clk 0:33:13]}
Bxb5 {[%clk 0:39:17]} 17. cxb5 {[%clk 0:33:36]} f5 {[%clk 0:28:34]} 18. Ng5
{[%clk 0:29:30]} fxe4 {[%clk 0:28:17]} 19. Nxe4 {[%clk 0:29:34]} Nef5 {[%clk
0:26:49]} 20. Bh3 {[%clk 0:24:29]} Ke7 {[%clk 0:26:48]} 21. O-O {[%clk 0:24:22]}
Nd4 {[%clk 0:26:17]} 22. Nc3 {[%clk 0:22:42]} Nf3+ {[%clk 0:24:52]} 23. Kg2
{[%clk 0:21:50]} Raf8 {[%clk 0:21:21]} 24. Ne4 {[%clk 0:19:09]} Nd4 {[%clk
0:16:42]} 25. Rc3 {[%clk 0:16:51]} Nhf5 {[%clk 0:14:45]} 26. Bxf5 {[%clk
0:14:12]} Rxf5 {[%clk 0:14:53]} 27. Ra3 {[%clk 0:14:26]} Ra8 {[%clk 0:14:44]} 28.
b6 {[%clk 0:14:20]} a6 {[%clk 0:12:36]} 29. Rc1 {[%clk 0:13:10]} Raf8 {[%clk
0:12:05]} 30. b4 {[%clk 0:11:53]} cxb4 {[%clk 0:07:30]} 31. Rc7+ {[%clk 0:11:51]}
Kd8 {[%clk 0:07:57]} 32. Nxd6 {[%clk 0:02:21]} Rxf2+ {[%clk 0:07:32]} 33. Kh3
{[%clk 0:02:46]} bxa3 {[%clk 0:07:10]} 34. Nxb7+ {[%clk 0:03:08]} Ke8 {[%clk
0:07:36]} 35. Nd6+ {[%clk 0:03:34]} Kd8 {[%clk 0:08:02]} 36. Nb7+ {[%clk
0:04:03]} 1/2-1/2